Countries in Both Southern and Northern Hemisphere - Statistics

General Stats
  • This quiz has been taken 89 times
  • The average score is 9 of 10
Answer Stats
Hint Answer % Correct
South America Brazil
99%
South America Colombia
96%
South America Ecuador
95%
Africa Democratic Republic of the Congo
94%
Africa Kenya
92%
Asia Indonesia
87%
Africa Congo
83%
Africa Gabon
82%
Africa Somalia
82%
Africa Uganda
82%
No matching quizzes found
Score Distribution
Percent of People with Each Score
Percentile by Number Answered
Your Score History
You have not taken this quiz